zpět

Detail výsledku týmu

Klub na Rampě, Jablonec nad Nisou

Datum a čas kvízu

22.5 Celkem bodů Celkový počet nahraných bodů na tomto kvízu bez doplňovacích otázek.
20. Pořadí na kvízu Konečné umístění týmu na tomto kvízu.

Zaznamenané odpovědi

# Otázka Odpověď Body Výsledky
1. V pondělí byla v kapli svatého... Vratislav Mynář 1
2. Který stát, jehož premiéra vid... Švédsko 1
3. V pondělí byly zveřejněny nomi... BANGER.; Marsell Bendig 0
4. Česká národní banka oznámila,... 1 000 Kč 0
5. Již 56. ročník Jizerské 50 pro... Neběžím sám/sama 0
6. Mnemotechnická pomůcka je slov... ruštiny 0
7. Uveďte rodová jména dvou hadů,... korálovka (sedlová), korálovec (žlutavý) 0.5
8. Sám u sebe v hlavě ___ pí čísl... magického 0
9. Uveďte větu o třech slovech, k... Šetři se osle. 1
10. Co má pomoci si zapamatovat vě... římské číslice 1